|
|
|
|
| LEADER |
00731cam a2200229 7i4500 |
| 001 |
0000134610 |
| 005 |
20191202090000.0 |
| 008 |
191202b20192019nyu# ### #00001eng## |
| 020 |
# |
# |
|a 9781682515716
|
| 040 |
# |
# |
|a UMT
|
| 090 |
0 |
# |
|a HD 2365
|b .H36 2019
|
| 245 |
1 |
0 |
|a Handbook of global outsourcing and offshoring
|c edited by Noelle Santos.
|
| 264 |
# |
1 |
|a New York, NY:
|b Intelliz Press LLC,
|c 2019.
|
| 264 |
# |
4 |
|c ♭2019.
|
| 336 |
# |
# |
|a text
|2 rdacontent
|
| 337 |
# |
# |
|a unmediated
|2 rdamedia
|
| 338 |
# |
# |
|a volume
|2 rdacarrier
|
| 590 |
# |
# |
|a Fakulti Perniagaan, Ekonomi dan Pembangunan Sosial
|
| 650 |
# |
0 |
|a Offshore outsourcing
|
| 650 |
# |
0 |
|a Contracting out
|
| 700 |
1 |
# |
|a Santos, Noelle
|
| 999 |
|
|
|a 1100108064
|b Book
|c Open Shelf
|e KOLEKSI TERBUKA
|